| 000 | 03755cam a2201345Mi 4500 | ||
|---|---|---|---|
| 003 | PE-LiUPU | ||
| 005 | 20250813185353.0 | ||
| 008 | 160202s2015 sp r 000 0 spa d | ||
| 017 |
_aB 17085-2015 _bOficina Depósito Legal Barcelona |
||
| 020 | _a8490648697 | ||
| 020 | _a9788490648698 | ||
| 035 | _a(Sirsi) i9788490648698 | ||
| 040 |
_aBNM _bspa _cBNM _dESALI _dESEHU _dPE-LiUPU _erda |
||
| 080 | _a316.77:81 | ||
| 080 | _a338.46(460)"20" | ||
| 080 | _a800.75 | ||
| 080 | _a81'25(460)"20" | ||
| 082 | 0 | 0 |
_a371.333 _bB24 _223 |
| 100 | 1 |
_aBartoll, Eduard, _eautor. |
|
| 245 | 1 | 0 |
_aIntroducción a la traducción audiovisual / _cEduard Bartoll. |
| 250 | _a1® ed. en lengua castellana | ||
| 264 | 1 |
_aBarcelona _bEditorial UOC _c2015 |
|
| 300 |
_a179 páginas _c21 centímetros |
||
| 336 |
_atext _2rdacontent |
||
| 337 |
_aunmediated _2rdamedia |
||
| 338 |
_avolume _2rdacarrier |
||
| 490 | 0 |
_aManuales, _v378. |
|
| 504 | _aBibliografía al final de cada capítulo. | ||
| 505 | 0 | _aEl texto audiovisual -- La traducción audiovisual -- Modalidad de traducción audiovisual -- Audiodescripción -- Doblaje -- Subtitulación -- Voces superpuestas -- Historia de la traducción audiovisual. | |
| 526 | _aP202 | ||
| 526 | _aP201 | ||
| 526 | _aP163 | ||
| 526 | _aP162 | ||
| 526 | _aP161 | ||
| 526 | _aP160 | ||
| 526 | _aP148 | ||
| 526 | _aP147 | ||
| 526 | _aP146 | ||
| 526 | _aP145 | ||
| 526 | _aP144 | ||
| 526 | _aP143 | ||
| 526 | _aP142 | ||
| 526 | _aP141 | ||
| 526 | _aP140 | ||
| 526 | _aP139 | ||
| 526 | _aP138 | ||
| 526 | _aP137 | ||
| 526 | _aP136 | ||
| 526 | _aP135 | ||
| 526 | _aP134 | ||
| 526 | _aP133 | ||
| 526 | _aP129 | ||
| 526 | _aP128 | ||
| 526 | _aP127 | ||
| 526 | _aP120 | ||
| 526 | _aP119 | ||
| 526 | _aP118 | ||
| 526 | _aP116 | ||
| 526 | _aP115 | ||
| 526 | _aP114 | ||
| 526 | _aP110 | ||
| 526 | _aP109 | ||
| 526 | _aP108 | ||
| 526 | _aP104 | ||
| 526 | _aP103 | ||
| 526 | _aP102 | ||
| 526 | _aP99 | ||
| 526 | _aP98 | ||
| 526 | _aP97 | ||
| 526 | _aP96 | ||
| 526 | _aP95 | ||
| 526 | _aP93 | ||
| 526 | _aP90 | ||
| 526 | _aP89 | ||
| 526 | _aP88 | ||
| 526 | _aP83 | ||
| 526 | _aP82 | ||
| 526 | _aP62 | ||
| 526 | _aP59 | ||
| 526 | _aP58 | ||
| 526 | _aP57 | ||
| 526 | _aP51 | ||
| 526 | _aP49 | ||
| 526 | _aP48 | ||
| 526 | _aP47 | ||
| 526 | _aP29 | ||
| 526 | _aP24 | ||
| 526 | _aP20 | ||
| 526 | _aP19 | ||
| 526 | _aP17 | ||
| 526 | _aP15 | ||
| 526 | _aP14 | ||
| 526 | _aP12 | ||
| 526 | _aP10 | ||
| 526 | _aP09 | ||
| 526 | _aP08 | ||
| 526 | _aP07 | ||
| 526 | _aP06 | ||
| 526 | _aP05 | ||
| 526 | _aP04 | ||
| 526 | _aP01 | ||
| 541 | _g001-003373; | ||
| 541 | _g001-003492; | ||
| 650 | 4 |
_aCine _xTraducción |
|
| 650 | 7 |
_aIndustria audiovisual _zEspaña _vHistoria _2embne |
|
| 650 | 7 |
_aMedios de comunicación social y lenguaje _2embne _93086 |
|
| 650 | 7 |
_aTraducción _zEspaña _yS.XXI _2embne |
|
| 910 |
_aebj _bebj _cjck _d20170601 |
||
| 942 |
_2ddc _cBOOK |
||
| 949 |
_a371.333 B24 _wDEWEY _c1 _i75978 _lCATALOGING _mBUL _p32.10 _r0 _sY _tBOOK _u2017-06-01 _xEDUCACION _PP07 _0COMPRA _o.STAFF. Colección Ciencias Humanas y Educación |
||
| 994 |
_aC0 _bPEPRU |
||
| 596 | _a1 | ||
| 999 |
_a371.333 B24 _wDEWEY _c20595 _i75978 _d20595 _e2017-8-28 _f2021-11-8 _g5 _lCCODEBUL1 _mBUL _n1 _p32.10 _r0 _sY _tBOOK _u2017-6-1 _xEDUCACION _PP07 _0COMPRA _o.STAFF. Colección Ciencias Humanas y Educación |
||
| 999 |
_a371.333 B24 _wDEWEY _c2 _i77895 _d2019-6-11 _e2019-6-11 _f2021-11-8 _g4 _lCCODEBUL1 _mBUL _n1 _p32.64 _r0 _sY _tBOOK _u2018-1-11 _xEDUCACION _PP12 _0COMPRA |
||
| 980 |
_81 _gALBERTO SANCHEZ Responsable de Automatización |
||